[Event "SVK-chT 2324"]
[Site "Slovakia"]
[Date "2023.12.10"]
[Round "4.8"]
[White "Cibulka, Vladimir"]
[Black "Kovarikova, Maria"]
[Result "1-0"]
[WhiteElo "2099"]
[BlackElo "1938"]
[PlyCount "87"]
[EventDate "2023.11.04"]
[EventType "team-tourn"]
[EventRounds "11"]
[EventCountry "SVK"]
[SourceTitle "CB04_2024"]
[SourceDate "2023.10.16"]
[SourceVersion "1"]
[SourceVersionDate "2023.10.16"]
[SourceQuality "1"]
[WhiteTeam "Dunajska Streda"]
[BlackTeam "Komarno"]
[WhiteTeamCountry "SVK"]
[BlackTeamCountry "SVK"]

1. d4 Nf6 2. Nf3 g6 3. Bf4 Bg7 4. e3 d5 5. Bd3 c5 6. c3 cxd4 7. exd4 Bg4 8. Nbd2 Nc6 9. h3 Bxf3 10. Nxf3 0-0 11. 0-0 a6 12. a4 Rc8 13. Re1 Re8 14. Ne5 Nd7 15. Nxc6 Rxc6 16. Qb3 e5 17. dxe5 Nxe5 18. Bf1 Rb6 19. Qc2 d4 20. cxd4 Qxd4 21. Bxe5 Bxe5 22. Rab1 Rf6 23. Rbd1 Qb6 24. b3 Kg7 25. Bc4 Bd4 26. Rxe8 Rxf2 27. Qxf2 Bxf2+ 28. Kh1 Qc5 29. Rd7 b5 30. axb5 axb5 31. Rxf7+ Kh6 32. Bf1 Bd4 33. Ree7 Qc1 34. Rxh7+ Kg5 35. h4+ Kf5 36. Rhf7+ Bf6 37. g4+ Kxg4 38. Rxf6 Kxh4 39. Re2 Kg5 40. Rf3 Qd1 41. Rg2+ Kh4 42. Rf4+ Kh5 43. Kg1 g5 44. Rfg4 1-0

[Event "SVK-chT2A 2223"]
[Site "Slovakia"]
[Date "2023.01.15"]
[Round "7.3"]
[White "Biro, Karol"]
[Black "Cibulka, Vladimir"]
[Result "1/2-1/2"]
[WhiteElo "2016"]
[BlackElo "2137"]
[PlyCount "51"]
[EventDate "2022.10.08"]
[EventType "team-tourn"]
[EventRounds "11"]
[EventCountry "SVK"]
[SourceTitle "EXT 2024"]
[Source "ChessBase"]
[SourceDate "2023.10.10"]
[SourceVersion "1"]
[SourceVersionDate "2023.10.10"]
[SourceQuality "1"]
[WhiteTeam "Krasnany"]
[BlackTeam "Dunajska Streda II"]
[WhiteTeamCountry "SVK"]
[BlackTeamCountry "SVK"]

1. e4 e6 2. d4 d5 3. exd5 exd5 4. Bd3 Bd6 5. Nc3 c6 6. Nge2 Qh4 7. Be3 Ne7 8. Qd2 h6 9. 0-0-0 Bf5 10. Bf4 Bxf4 11. Qxf4 Qxf4+ 12. Nxf4 Bxd3 13. Rxd3 0-0 14. h4 Nd7 15. g4 Ng6 16. Nce2 Rfe8 17. f3 Ndf8 18. Kd2 Nxf4 19. Nxf4 Ne6 20. Nh5 Kf8 21. Rh2 Re7 22. Ng3 Nf4 23. Re3 Rae8 24. Rxe7 Rxe7 25. g5 h5 26. Ne2 1/2-1/2

[Event "SVK-chT2A 2223"]
[Site "Slovakia"]
[Date "2022.10.08"]
[Round "1.5"]
[White "Felcir, Jaroslav"]
[Black "Cibulka, Vladimir"]
[Result "1/2-1/2"]
[WhiteElo "2134"]
[BlackElo "2137"]
[PlyCount "65"]
[EventDate "2022.10.08"]
[EventType "team-tourn"]
[EventRounds "11"]
[EventCountry "SVK"]
[SourceTitle "CBM 210 Extra"]
[Source "ChessBase"]
[SourceDate "2022.11.30"]
[SourceVersion "1"]
[SourceVersionDate "2022.11.30"]
[SourceQuality "1"]
[WhiteTeam "Trnava Lokomotiva"]
[BlackTeam "Dunajska Streda II"]
[WhiteTeamCountry "SVK"]
[BlackTeamCountry "SVK"]

1. e4 e6 2. d4 d5 3. e5 a6 4. Be3 Bd7 5. a4 c5 6. c3 cxd4 7. cxd4 Nc6 8. f4 Nge7 9. Nf3 Nf5 10. Bf2 Qb6 11. Qd2 Na5 12. Ra2 Nb3 13. Qd1 Rc8 14. Nc3 Bb4 15. Be2 Bxc3+ 16. bxc3 Rxc3 17. 0-0 Rc1 18. Qd3 Rxf1+ 19. Bxf1 Nc1 20. Qc2 Nxa2 21. Qxa2 0-0 22. Qa3 h5 23. h3 h4 24. Bd3 Re8 25. Bxf5 exf5 26. Bxh4 Qc6 27. Ng5 Qxa4 28. Qf3 Qxd4+ 29. Kh2 g6 30. Qg3 Qc5 31. Nf3 Qf8 32. Bf6 Qh6 33. Bg5 1/2-1/2

[Event "SVK-chT2A 2122"]
[Site "Slovakia"]
[Date "2022.03.26"]
[Round "8.2"]
[White "Cibulka, Vladimir"]
[Black "Sosovicka, Matej"]
[Result "1/2-1/2"]
[WhiteElo "2139"]
[BlackElo "2151"]
[PlyCount "21"]
[EventDate "2021.10.16"]
[EventType "team-tourn"]
[EventRounds "11"]
[EventCountry "SVK"]
[SourceTitle "EXT 2023"]
[Source "ChessBase"]
[SourceDate "2022.10.05"]
[SourceVersion "1"]
[SourceVersionDate "2022.10.05"]
[SourceQuality "1"]
[WhiteTeam "Dunajska Streda II"]
[BlackTeam "Krasnany"]
[WhiteTeamCountry "SVK"]
[BlackTeamCountry "SVK"]

1. e4 e5 2. Bc4 Nf6 3. Nc3 Nxe4 4. Qh5 Nd6 5. Qxe5+ Qe7 6. Qxe7+ Bxe7 7. Bb3 0-0 8. Nd5 Bd8 9. Nf3 c6 10. Ne3 Ne4 11. d4 1/2-1/2

[Event "SVK-chT2A 2122"]
[Site "Slovakia"]
[Date "2021.10.17"]
[Round "2.3"]
[White "Privara, Igor"]
[Black "Cibulka, Vladimir"]
[Result "1/2-1/2"]
[WhiteElo "2083"]
[BlackElo "2149"]
[PlyCount "33"]
[EventDate "2021.10.16"]
[EventType "team-tourn"]
[EventRounds "11"]
[EventCountry "SVK"]
[SourceTitle "EXT 2023"]
[Source "ChessBase"]
[SourceDate "2022.10.05"]
[SourceVersion "1"]
[SourceVersionDate "2022.10.05"]
[SourceQuality "1"]
[WhiteTeam "Bratislava Slovan V"]
[BlackTeam "Dunajska Streda II"]
[WhiteTeamCountry "SVK"]
[BlackTeamCountry "SVK"]

1. e4 e6 2. d4 d5 3. exd5 exd5 4. Bd3 Bd6 5. Qe2+ Qe7 6. Qxe7+ Nxe7 7. Ne2 Bf5 8. Bxf5 Nxf5 9. c3 c6 10. Bf4 Bxf4 11. Nxf4 Nd7 12. Nd2 0-0-0 13. 0-0 Rde8 14. Rfe1 Kd8 15. Kf1 Rxe1+ 16. Rxe1 Re8 17. Rxe8+ 1/2-1/2

[Event "SVK-chT2A 2122"]
[Site "Slovakia"]
[Date "2021.10.16"]
[Round "1.3"]
[White "Cibulka, Vladimir"]
[Black "Kuna, Vladimir"]
[Result "1-0"]
[WhiteElo "2149"]
[BlackElo "1953"]
[PlyCount "102"]
[EventDate "2021.10.16"]
[EventType "team-tourn"]
[EventRounds "11"]
[EventCountry "SVK"]
[SourceTitle "EXT 2023"]
[Source "ChessBase"]
[SourceDate "2022.10.05"]
[SourceVersion "1"]
[SourceVersionDate "2022.10.05"]
[SourceQuality "1"]
[WhiteTeam "Dunajska Streda II"]
[BlackTeam "Bratislava Slovan IV"]
[WhiteTeamCountry "SVK"]
[BlackTeamCountry "SVK"]

1. e4 c5 2. f4 Nc6 3. Nf3 d6 4. d3 e6 5. g3 Nf6 6. Bg2 Be7 7. 0-0 0-0 8. Nc3 a6 9. h3 Qc7 10. g4 Rb8 11. f5 b5 12. Bf4 b4 13. Ne2 e5 14. Be3 Bb7 15. Ng3 Nd4 16. g5 Ne8 17. Nxd4 cxd4 18. Bd2 Rc8 19. Rc1 a5 20. Qg4 Qd7 21. Qh4 d5 22. f6 Bd8 23. fxg7 Nxg7 24. exd5 Bxd5 25. Be4 Bxe4 26. Nxe4 Rc6 27. Kh2 f5 28. gxf6 Ne8 29. Bg5 Qf7 30. Bh6 Bxf6 31. Qg4+ Kh8 32. Bxf8 Qxf8 33. Nxf6 Rxf6 34. Rxf6 Qxf6 35. Rg1 Qf7 36. Qe4 Qf6 37. Rg2 h5 38. Re2 Ng7 39. Qxe5 Qd8 40. Rg2 Qd7 41. Rxg7 Qxg7 42. Qxg7+ Kxg7 43. Kg3 Kf6 44. Kf4 h4 45. b3 Kg6 46. Ke5 Kg5 47. Ke4 Kf6 48. Kxd4 Kf5 49. Ke3 Ke5 50. d4+ Kf5 51. Kf3 Kg5 1-0

[Event "SVK-chT3A2 1819"]
[Site "Slovakia"]
[Date "2018.12.09"]
[Round "5.4"]
[White "Cibulka, Vladimir"]
[Black "Hrubsa, Marian"]
[Result "1/2-1/2"]
[WhiteElo "2137"]
[BlackElo "1925"]
[PlyCount "48"]
[EventDate "2018.10.07"]
[EventType "team-tourn"]
[EventRounds "11"]
[EventCountry "SVK"]
[SourceTitle "EXT 2020"]
[Source "ChessBase"]
[SourceDate "2019.10.17"]
[SourceVersion "1"]
[SourceVersionDate "2019.10.17"]
[SourceQuality "1"]
[WhiteTeam "Dunajska Streda II"]
[BlackTeam "Skalica II"]
[WhiteTeamCountry "SVK"]
[BlackTeamCountry "SVK"]

1. d4 f5 2. Nf3 g6 3. Nc3 Nf6 4. Bg5 Bg7 5. Bxf6 Bxf6 6. e4 fxe4 7. Nxe4 Bg7 8. Bd3 Nc6 9. c3 d5 10. Ng3 e5 11. dxe5 Nxe5 12. Nxe5 Bxe5 13. Qc2 Qd6 14. 0-0-0 Bd7 15. Ne2 0-0-0 16. g3 c5 17. f4 Bg7 18. Rhe1 Qb6 19. Qb3 Qc6 20. Bc2 Bg4 21. Qa4 Qb6 22. Qb3 Qc6 23. Qa4 Qb6 24. Qb3 Qc6 1/2-1/2

[Event "SVK-chT1W 1819"]
[Site "Slovakia"]
[Date "2018.10.28"]
[Round "2.5"]
[White "Janos, Jozef"]
[Black "Cibulka, Vladimir"]
[Result "1/2-1/2"]
[WhiteElo "2142"]
[BlackElo "2122"]
[PlyCount "23"]
[EventDate "2018.10.27"]
[EventType "team-tourn"]
[EventRounds "11"]
[EventCountry "SVK"]
[SourceTitle "CBM 187 Extra"]
[Source "ChessBase"]
[SourceDate "2018.11.04"]
[SourceVersion "1"]
[SourceVersionDate "2018.11.04"]
[SourceQuality "1"]
[WhiteTeam "Bratislava Slovan II"]
[BlackTeam "Dunajska Streda"]
[WhiteTeamCountry "SVK"]
[BlackTeamCountry "SVK"]

1. d4 e6 2. Nf3 f5 3. c4 Nf6 4. Nc3 Be7 5. e3 0-0 6. Bd3 d5 7. 0-0 c6 8. Ne5 Nbd7 9. f4 Ne4 10. Bd2 Nxe5 11. fxe5 Bd7 12. Nxe4 1/2-1/2

[Event "SVK-chT3A2 1819"]
[Site "Slovakia"]
[Date "2018.10.07"]
[Round "1.2"]
[White "Cibulka, Vladimir"]
[Black "Bango, Lukas"]
[Result "1/2-1/2"]
[WhiteElo "2137"]
[BlackElo "2181"]
[PlyCount "92"]
[EventDate "2018.10.07"]
[EventType "team-tourn"]
[EventRounds "11"]
[EventCountry "SVK"]
[SourceTitle "EXT 2020"]
[Source "ChessBase"]
[SourceDate "2019.10.17"]
[SourceVersion "1"]
[SourceVersionDate "2019.10.17"]
[SourceQuality "1"]
[WhiteTeam "Dunajska Streda II"]
[BlackTeam "Modranka Komplet"]
[WhiteTeamCountry "SVK"]
[BlackTeamCountry "SVK"]

1. d4 Nf6 2. Nf3 e6 3. Bg5 c5 4. c3 cxd4 5. Bxf6 Qxf6 6. cxd4 Bb4+ 7. Nc3 b6 8. e3 Bb7 9. Be2 0-0 10. 0-0 Bxc3 11. bxc3 Nc6 12. Qa4 Rfc8 13. Ba6 Bxa6 14. Qxa6 Na5 15. Qd3 Qg6 16. e4 d5 17. Nd2 Nc4 18. Rae1 h6 19. Nb1 dxe4 20. Qxe4 Qxe4 21. Rxe4 Nd6 22. Re3 Rc4 23. f4 Rac8 24. Re5 Ra4 25. Rf2 Nc4 26. Ree2 Na3 27. Nd2 Nb5 28. Ne4 f5 29. Ng3 Kf7 30. d5 exd5 31. Nxf5 Rxc3 32. g4 Re4 33. Rb2 Re1+ 34. Kg2 Nc7 35. Rbd2 Rcc1 36. Kf3 Rg1 37. Ne3 Rc3 38. Ke2 Ke6 39. h3 Nb5 40. Nxd5 Rxh3 41. f5+ Ke5 42. f6 Nd6 43. f7 Nxf7 44. Rf5+ Ke4 45. Rf4+ Ke5 46. Rf5+ Ke4 1/2-1/2

[Event "SVK-chT3A2 1718"]
[Site "Slovakia"]
[Date "2018.03.25"]
[Round "11.6"]
[White "Cibulka, Vladimir"]
[Black "Brunovsky, Peter"]
[Result "1-0"]
[WhiteElo "2160"]
[BlackElo "1853"]
[PlyCount "127"]
[EventDate "2017.10.08"]
[EventType "team-tourn"]
[EventRounds "11"]
[EventCountry "SVK"]
[SourceTitle "EXT 2020"]
[Source "ChessBase"]
[SourceDate "2019.10.17"]
[SourceVersion "1"]
[SourceVersionDate "2019.10.17"]
[SourceQuality "1"]
[WhiteTeam "Dunajska Streda II"]
[BlackTeam "Gbely Nafta II"]
[WhiteTeamCountry "SVK"]
[BlackTeamCountry "SVK"]

1. d4 Nf6 2. Nf3 g6 3. Bf4 Bg7 4. e3 0-0 5. Bd3 d5 6. Nbd2 Bg4 7. h3 Bxf3 8. Qxf3 c6 9. c3 Nbd7 10. g4 Ne8 11. Qg3 Ndf6 12. h4 h5 13. g5 Nd7 14. Nf3 Qa5 15. 0-0 Rc8 16. Ne5 Nxe5 17. Bxe5 Bxe5 18. Qxe5 Qc7 19. f4 e6 20. Qxc7 Rxc7 21. b4 Nd6 22. Rfc1 b5 23. a4 a6 24. axb5 axb5 25. Ra6 Rb8 26. Rca1 Kf8 27. Kf2 Ke7 28. Kf3 Kd7 29. Ra8 Rxa8 30. Rxa8 Rc8 31. Ra1 Rc7 32. e4 Ke7 33. Ra8 Rd7 34. Ke3 Rd8 35. Ra6 Rc8 36. Ra7+ Ke8 37. Kf3 Rd8 38. Rc7 Rc8 39. Ra7 Rd8 40. Ra6 Rc8 41. exd5 exd5 42. f5 gxf5 43. Kf4 Ne4 44. Be2 Ke7 45. Ra7+ Ke6 46. Bxh5 Nd6 47. g6 fxg6 48. Bxg6 Kf6 49. h5 Rd8 50. Rc7 Rc8 51. Rd7 Ke6 52. Ra7 Kf6 53. Ra6 Rc7 54. Ra8 Rc8 55. Rxc8 Nxc8 56. Be8 Nd6 57. Bxc6 Ne4 58. Bxb5 Nxc3 59. Bd3 Na2 60. b5 Nb4 61. Bxf5 Na2 62. b6 Nb4 63. b7 Nc6 64. Bd7 1-0

[Event "SVK-chT2A 1718"]
[Site "Slovakia"]
[Date "2018.02.25"]
[Round "9.5"]
[White "Brunovsky, Peter"]
[Black "Cibulka, Vladimir"]
[Result "1/2-1/2"]
[WhiteElo "1835"]
[BlackElo "2151"]
[PlyCount "175"]
[EventDate "2017.10.28"]
[EventType "team-tourn"]
[EventRounds "11"]
[EventCountry "SVK"]
[SourceTitle "EXT 2020"]
[Source "ChessBase"]
[SourceDate "2019.10.17"]
[SourceVersion "1"]
[SourceVersionDate "2019.10.17"]
[SourceQuality "1"]
[WhiteTeam "Gbely Nafta"]
[BlackTeam "Potonska Veza"]
[WhiteTeamCountry "SVK"]
[BlackTeamCountry "SVK"]

1. c4 e5 2. Nc3 Nc6 3. e4 Bc5 4. g3 Nf6 5. Bg2 d6 6. Nge2 Bg4 7. h3 Be6 8. d3 Qd7 9. Bd2 Nd4 10. Nxd4 Bxd4 11. Qc1 c6 12. Ne2 Bb6 13. Bc3 Qe7 14. b3 Nd7 15. Qd2 0-0 16. g4 Rad8 17. Bb4 Nc5 18. Bxc5 Bxc5 19. b4 Bb6 20. 0-0 a6 21. Kh2 d5 22. c5 Bc7 23. Qc2 Qh4 24. Kg1 h5 25. f3 hxg4 26. fxg4 Rd7 27. Rad1 Bd8 28. a3 Bg5 29. Rf3 Rfd8 30. Nc3 Qh6 31. Qe2 Bf4 32. Kf1 dxe4 33. Nxe4 Rd4 34. Nd6 Rd7 35. Kg1 Qg5 36. Kf1 g6 37. Ne4 Qd8 38. Nc3 Bb3 39. Rb1 Be6 40. Rd1 Bc4 41. Ne4 Bd5 42. Rf2 Bb3 43. Nd6 Bxd1 44. Qxd1 R7xd6 45. cxd6 Qxd6 46. Ke2 a5 47. Be4 axb4 48. axb4 Rxb4 49. Kf3 Qd4 50. Qe2 Rb1 51. Kg2 Be3 52. Qa2 Bxf2 53. Qxb1 Qb6 54. Qxb6 Bxb6 55. Kf3 Kg7 56. Kg3 g5 57. h4 gxh4+ 58. Kxh4 f6 59. Kg3 Kf7 60. Bf5 Bd4 61. Bc8 b6 62. Bb7 c5 63. Ba6 Ke6 64. Kf3 Bb2 65. Ke4 Bc1 66. Bb5 Bg5 67. Ba6 Kd6 68. Bb5 Bh4 69. Ba4 Bf2 70. Bb5 Bd4 71. Ba4 Ke7 72. Bb5 Kf7 73. Kf5 Ke7 74. Ke4 Bc3 75. Ba4 Bd2 76. Bb5 Kd6 77. Ba4 c4 78. dxc4 Kc5 79. Bb5 Bg5 80. Ba6 Kb4 81. Bb5 Kc3 82. Ba6 Kd2 83. Bb5 Ke1 84. Ba6 Kf2 85. Bb5 Kg3 86. Bd7 Bd2 87. Bc8 Bg5 88. Bd7 1/2-1/2

[Event "SVK-chT3A2 1617"]
[Site "Slovakia"]
[Date "2016.12.11"]
[Round "5.5"]
[White "Sturdik, Igor"]
[Black "Cibulka, Vladimir"]
[Result "0-1"]
[WhiteElo "1986"]
[BlackElo "2157"]
[PlyCount "76"]
[EventDate "2016.10.16"]
[EventType "team-tourn"]
[EventRounds "11"]
[EventCountry "SVK"]
[SourceTitle "EXT 2020"]
[Source "ChessBase"]
[SourceDate "2019.10.17"]
[SourceVersion "1"]
[SourceVersionDate "2019.10.17"]
[SourceQuality "1"]
[WhiteTeam "Trnava Lokomotiva III"]
[BlackTeam "Dunajska Streda II"]
[WhiteTeamCountry "SVK"]
[BlackTeamCountry "SVK"]

1. e4 e6 2. d4 d5 3. Nc3 Nc6 4. Nf3 Nf6 5. Bg5 Be7 6. e5 Ne4 7. Bxe7 Qxe7 8. Bd3 Qb4 9. Bxe4 dxe4 10. a3 Qxb2 11. Nxe4 b6 12. 0-0 Ba6 13. Qc1 Qxc1 14. Rfxc1 Rd8 15. c3 Ke7 16. Nfd2 Rd7 17. f4 Na5 18. Kf2 Bb7 19. Rab1 Rhd8 20. Ke3 f5 21. exf6+ gxf6 22. g4 h6 23. h4 f5 24. gxf5 exf5 25. Ng3 Kf6 26. Nf3 Nc4+ 27. Kd3 Bxf3 28. Kxc4 Rg8 29. Nf1 Rg4 30. Re1 Rxf4 31. Re5 c5 32. Rbe1 cxd4 33. cxd4 Rfxd4+ 34. Kc3 Rd3+ 35. Kb2 Be4 36. Re8 Rd8 37. Rxd8 Rxd8 38. Ng3 Ke5 0-1

[Event "SVK-chT3A2 1617"]
[Site "Slovakia"]
[Date "2016.11.13"]
[Round "3.6"]
[White "Cibulka, Vladimir"]
[Black "Palka, Martin"]
[Result "1-0"]
[WhiteElo "2157"]
[BlackElo "1883"]
[PlyCount "93"]
[EventDate "2016.10.16"]
[EventType "team-tourn"]
[EventRounds "11"]
[EventCountry "SVK"]
[SourceTitle "EXT 2020"]
[Source "ChessBase"]
[SourceDate "2019.10.17"]
[SourceVersion "1"]
[SourceVersionDate "2019.10.17"]
[SourceQuality "1"]
[WhiteTeam "Dunajska Streda II"]
[BlackTeam "Senica SK"]
[WhiteTeamCountry "SVK"]
[BlackTeamCountry "SVK"]

1. d4 Nf6 2. Nf3 e6 3. Bg5 d5 4. Nbd2 Be7 5. e3 Nbd7 6. Bd3 0-0 7. 0-0 b6 8. c3 Bb7 9. Ne5 Ne4 10. Bxe7 Qxe7 11. Nxd7 Qxd7 12. f3 Nd6 13. Qe2 c5 14. Rad1 f5 15. f4 Qe7 16. Nf3 Nf7 17. Rd2 g5 18. h3 Kh8 19. fxg5 Nxg5 20. Ne5 Nf7 21. Nxf7+ Rxf7 22. Qf3 Qc7 23. Qf4 Rg8 24. Qxc7 Rxc7 25. Kh2 c4 26. Bc2 Bc6 27. Bd1 Re7 28. g4 fxg4 29. Bxg4 Be8 30. Rf6 Rg6 31. Rdf2 Rxf6 32. Rxf6 Bf7 33. Kg3 Kg7 34. Rf2 Bg6 35. h4 Bb1 36. a3 Be4 37. Rf4 Bd3 38. Bf3 Rf7 39. Rxf7+ Kxf7 40. Kf4 Kf6 41. e4 dxe4 42. Bxe4 a6 43. Bxd3 cxd3 44. Ke3 d2 45. Kxd2 Kf5 46. Ke3 Kg4 47. c4 1-0

[Event "SVK-chT3A2 1617"]
[Site "Slovakia"]
[Date "2016.10.16"]
[Round "1.6"]
[White "Cibulka, Vladimir"]
[Black "Malar, Pavol"]
[Result "1/2-1/2"]
[WhiteElo "2157"]
[BlackElo "2110"]
[PlyCount "41"]
[EventDate "2016.10.16"]
[EventType "team-tourn"]
[EventRounds "11"]
[EventCountry "SVK"]
[SourceTitle "EXT 2020"]
[Source "ChessBase"]
[SourceDate "2019.10.17"]
[SourceVersion "1"]
[SourceVersionDate "2019.10.17"]
[SourceQuality "1"]
[WhiteTeam "Dunajska Streda II"]
[BlackTeam "Hlohovec"]
[WhiteTeamCountry "SVK"]
[BlackTeamCountry "SVK"]

1. d4 e6 2. Nf3 f5 3. Nc3 Nf6 4. Bg5 Be7 5. Bxf6 Bxf6 6. e4 fxe4 7. Nxe4 d5 8. Nxf6+ Qxf6 9. Qd2 0-0 10. 0-0-0 c5 11. dxc5 Nd7 12. Bd3 Nxc5 13. Rhe1 Bd7 14. Qe3 Rac8 15. Rd2 b6 16. Ne5 Be8 17. g3 a5 18. f4 a4 19. a3 Nb3+ 20. Kb1 Nxd2+ 21. Qxd2 1/2-1/2

[Event "SVK-chT2A 1617"]
[Site "Slovakia"]
[Date "2016.10.08"]
[Round "1.4"]
[White "Cibulka, Vladimir"]
[Black "Janos, Ivan"]
[Result "1-0"]
[WhiteElo "2164"]
[BlackElo "2008"]
[PlyCount "128"]
[EventDate "2016.10.08"]
[EventType "team-tourn"]
[EventRounds "11"]
[EventCountry "SVK"]
[SourceTitle "CBM 175 Extra"]
[Source "ChessBase"]
[SourceDate "2016.12.12"]
[SourceVersion "1"]
[SourceVersionDate "2016.12.12"]
[SourceQuality "1"]
[WhiteTeam "Potonska Veza"]
[BlackTeam "Krasnany"]
[WhiteTeamCountry "SVK"]
[BlackTeamCountry "SVK"]

1. d4 c5 2. d5 Nf6 3. Nc3 g6 4. e4 d6 5. Nf3 a6 6. a4 Bg4 7. Be2 Bxf3 8. Bxf3 Nbd7 9. 0-0 Bg7 10. g3 0-0 11. Bg2 Rb8 12. Qe2 Qc7 13. a5 Rbc8 14. f4 Nh5 15. Be3 Bd4 16. Qd3 Bxe3+ 17. Qxe3 Ng7 18. Bh3 Rb8 19. Na4 b5 20. axb6 Nxb6 21. Nxb6 Rxb6 22. b3 Rfb8 23. Ra4 a5 24. Rfa1 Ra8 25. Bf1 Rb4 26. Bc4 Ne8 27. Qe2 Rxa4 28. Rxa4 Rb8 29. Kg2 Qb6 30. Qd2 Ra8 31. Qe3 Ng7 32. b4 Qc7 33. bxc5 dxc5 34. Bb5 Qb6 35. Bc6 Qb1 36. Qxc5 Rb8 37. Rxa5 Qe1 38. Ra4 h5 39. Qf2 Qc3 40. Ra8 Rxa8 41. Bxa8 h4 42. Bc6 Nh5 43. Bb5 Nf6 44. Qe2 Nh5 45. Bd3 Qc8 46. f5 hxg3 47. hxg3 Nf6 48. fxg6 fxg6 49. Qf3 Qc3 50. Qe2 Qe5 51. Qf3 Nh5 52. Qg4 Kg7 53. c4 Qd4 54. Qf3 Nf6 55. Qe2 Nd7 56. Qc2 Nc5 57. Be2 Nxe4 58. Bd3 Nd6 59. Qe2 Nc8 60. Qe4 Qb2+ 61. Kh3 Qf6 62. c5 g5 63. Qh7+ Kf8 64. Qf5 Kf7 1-0

[Event "SVK-chT2A 1516"]
[Site "Slovakia"]
[Date "2016.03.12"]
[Round "10.3"]
[White "Cibulka, Vladimir"]
[Black "Bango, Lukas"]
[Result "1/2-1/2"]
[WhiteElo "2178"]
[BlackElo "2052"]
[PlyCount "99"]
[EventDate "2015.10.17"]
[EventType "team-tourn"]
[EventRounds "11"]
[EventCountry "SVK"]
[SourceTitle "EXT 2017"]
[Source "ChessBase"]
[SourceDate "2016.10.25"]
[SourceVersion "1"]
[SourceVersionDate "2016.10.25"]
[SourceQuality "1"]
[WhiteTeam "Velky Meder"]
[BlackTeam "Trnava Modranka"]
[WhiteTeamCountry "SVK"]
[BlackTeamCountry "SVK"]

1. d4 Nf6 2. Nf3 e6 3. Bg5 h6 4. Bh4 b6 5. e3 Bb7 6. Nbd2 Be7 7. Bd3 d5 8. Ne5 0-0 9. 0-0 c5 10. c3 Nbd7 11. f4 Ne4 12. Bxe7 Qxe7 13. Ndf3 Nxe5 14. Nxe5 Rfc8 15. Qh5 a5 16. Rf3 Nf6 17. Qh4 Ba6 18. Bc2 Rc7 19. Re1 b5 20. dxc5 b4 21. cxb4 axb4 22. c6 Bb5 23. Bb1 Bxc6 24. Rf2 Bb5 25. Rd2 Rac8 26. Rd4 Rc1 27. Red1 Rxd1+ 28. Rxd1 Qa7 29. Qe1 Nd7 30. Nxd7 Bxd7 31. Qd2 Rc4 32. Rc1 g6 33. Kf2 Rxf4+ 34. Ke1 Bb5 35. Bd3 Bxd3 36. Qxd3 Re4 37. Kf2 Qxa2 38. Rc8+ Kg7 39. Rc2 Qa7 40. Kf3 g5 41. g4 Qa1 42. Qe2 Qh1+ 43. Qg2 Qxg2+ 44. Rxg2 Rc4 45. Rd2 Kf6 46. h3 Ke5 47. Ke2 d4 48. Kd3 dxe3 49. Kxe3 Rf4 50. Rd7 1/2-1/2

[Event "SVK-chT2A 1516"]
[Site "Slovakia"]
[Date "2016.02.14"]
[Round "9.3"]
[White "Cibulka, Vladimir"]
[Black "Cambel, Vladimir"]
[Result "0-1"]
[WhiteElo "2178"]
[BlackElo "2058"]
[PlyCount "64"]
[EventDate "2015.10.17"]
[EventType "team-tourn"]
[EventRounds "11"]
[EventCountry "SVK"]
[SourceTitle "EXT 2017"]
[Source "ChessBase"]
[SourceDate "2016.10.25"]
[SourceVersion "1"]
[SourceVersionDate "2016.10.25"]
[SourceQuality "1"]
[WhiteTeam "Velky Meder"]
[BlackTeam "Bratislava Slovan IV"]
[WhiteTeamCountry "SVK"]
[BlackTeamCountry "SVK"]

1. d4 Nf6 2. Nf3 g6 3. Bf4 Bg7 4. e3 c5 5. c3 b6 6. Be2 Bb7 7. 0-0 0-0 8. h3 d6 9. a4 Nbd7 10. Na3 a6 11. Re1 Re8 12. Bf1 h6 13. Bh2 Rc8 14. Rc1 Rc7 15. Nd2 Qa8 16. f3 Rec8 17. Qb3 Nd5 18. Rcd1 cxd4 19. exd4 Nxc3 20. bxc3 Rxc3 21. Qa2 Bxd4+ 22. Kh1 e5 23. Ndb1 Bd5 24. Qd2 Rb3 25. Rc1 Rxc1 26. Qxc1 Rxf3 27. Re2 Rxh3 28. Rc2 Nc5 29. Nc3 Bb7 30. Nc4 Qd8 31. Qe1 Qf6 32. Ne2 Bf2 0-1

[Event "SVK-chT2A 1516"]
[Site "Slovakia"]
[Date "2015.12.06"]
[Round "6.3"]
[White "Biro, Karol"]
[Black "Cibulka, Vladimir"]
[Result "1/2-1/2"]
[WhiteElo "2082"]
[BlackElo "2178"]
[PlyCount "20"]
[EventDate "2015.10.17"]
[EventType "team-tourn"]
[EventRounds "11"]
[EventCountry "SVK"]
[SourceTitle "CBM 169 Extra"]
[Source "ChessBase"]
[SourceDate "2015.12.18"]
[SourceVersion "1"]
[SourceVersionDate "2015.12.18"]
[SourceQuality "1"]
[WhiteTeam "Krasnany"]
[BlackTeam "Velky Meder"]
[WhiteTeamCountry "SVK"]
[BlackTeamCountry "SVK"]

1. c4 Nf6 2. Nf3 c6 3. d4 d5 4. e3 Bg4 5. h3 Bxf3 6. Qxf3 e6 7. a3 Nbd7 8. cxd5 cxd5 9. Nc3 Bd6 10. Bd3 Qb6 1/2-1/2

[Event "SVK-chT2A 1516"]
[Site "Slovakia"]
[Date "2015.12.05"]
[Round "5.3"]
[White "Cibulka, Vladimir"]
[Black "Nemsak, Denis"]
[Result "1/2-1/2"]
[WhiteElo "2178"]
[BlackElo "2107"]
[PlyCount "150"]
[EventDate "2015.10.17"]
[EventType "team-tourn"]
[EventRounds "11"]
[EventCountry "SVK"]
[SourceTitle "CBM 169 Extra"]
[Source "ChessBase"]
[SourceDate "2015.12.18"]
[SourceVersion "1"]
[SourceVersionDate "2015.12.18"]
[SourceQuality "1"]
[WhiteTeam "Velky Meder"]
[BlackTeam "Bratislava Doprastav II"]
[WhiteTeamCountry "SVK"]
[BlackTeamCountry "SVK"]

1. d4 f5 2. Nc3 Nf6 3. Bg5 Ne4 4. Nxe4 fxe4 5. f3 c5 6. dxc5 Qa5+ 7. Qd2 Qxc5 8. 0-0-0 d6 9. fxe4 Be6 10. Nf3 Nc6 11. Be3 Qc4 12. b3 Qxe4 13. Kb1 Bf5 14. Ng5 Qb4 15. Bf2 h6 16. Qxb4 Nxb4 17. e4 Bg6 18. Bb5+ Nc6 19. Ne6 Kd7 20. Bc4 b6 21. Rhe1 Bh5 22. Rd2 Bf7 23. Nc5+ Ke8 24. Bb5 Rc8 25. Nd3 Be6 26. e5 Kf7 27. exd6 exd6 28. Nf4 Ne5 29. Nxe6 Kxe6 30. Bd4 Rc7 31. Rde2 Kf7 32. Bxe5 dxe5 33. Bc4+ Kf6 34. Rxe5 g5 35. Re8 Kg7 36. R1e6 Rf7 37. Re1 Rf2 38. R1e2 Rxe2 39. Rxe2 Bd6 40. h3 Rf8 41. Kb2 a5 42. Kc3 Bc5 43. Bd5 Rf4 44. Bf3 Rf7 45. Kc4 Re7 46. Rd2 Bb4 47. Re2 Rxe2 48. Bxe2 Kf6 49. c3 Bc5 50. b4 axb4 51. cxb4 Bf2 52. a4 Ke6 53. a5 bxa5 54. bxa5 Kd6 55. a6 Bb6 56. Bh5 Ba7 57. Kd3 Ke5 58. Bf3 Bb6 59. g3 Ba7 60. Bb7 h5 61. Ke2 Bb6 62. Kf3 h4 63. Kg4 hxg3 64. Kxg5 Ke6 65. Kg6 Kd6 66. h4 Kc7 67. Kf5 Kb8 68. Kf4 Bc7+ 69. Kf3 Ka7 70. h5 Be5 71. h6 Kb6 72. h7 Ka7 73. Ke2 Bd4 74. Kd3 Bh8 75. Ke3 Kb6 1/2-1/2